UM Logo

Bird flu can infect humans/ (Record no. 8511)

MARC details
000 -LEADER
fixed length control field 00387nam a22001457a 4500
003 - CONTROL NUMBER IDENTIFIER
control field OSt
005 - DATE AND TIME OF LATEST TRANSACTION
control field 20180209025508.0
008 - FIXED-LENGTH DATA ELEMENTS--GENERAL INFORMATION
fixed length control field 180209b xxu||||| |||| 00| 0 eng d
100 ## - MAIN ENTRY--PERSONAL NAME
9 (RLIN) 26284
Personal name Orejas, Tonette.
245 ## - TITLE STATEMENT
Title Bird flu can infect humans/
Statement of responsibility, etc. Tonette Orejas.
260 ## - PUBLICATION, DISTRIBUTION, ETC. (IMPRINT)
Place of publication, distribution, etc. Philippines:
Name of publisher, distributor, etc. Manila BUlletin,
Date of publication, distribution, etc. c2017.
300 ## - PHYSICAL DESCRIPTION
Extent page A2.
650 #0 - SUBJECT ADDED ENTRY--TOPICAL TERM
9 (RLIN) 26285
Topical term or geographic name as entry element Virus.
942 ## - ADDED ENTRY ELEMENTS (KOHA)
Source of classification or shelving scheme Dewey Decimal Classification
Koha item type Periodicals
Holdings
Withdrawn status Lost status Source of classification or shelving scheme Damaged status Not for loan Collection code Home library Current library Date acquired Total Checkouts Date last seen Price effective from Koha item type Public note
    Dewey Decimal Classification     Periodicals UM Digos College - LIC UM Digos College - LIC 02/09/2018   02/09/2018 02/09/2018 Periodicals Newspaper Clippings